| 000 | 00625nam a2200217 u 4500 | ||
|---|---|---|---|
| 005 | 20260217062528.0 | ||
| 008 | 131202s2005 r 000 0 eng d | ||
| 020 | _a9709833030 | ||
| 035 | _aUPN01000194441 | ||
| 049 | _aF | ||
| 050 | 4 |
_aJA75.7 _bG8.2 |
|
| 100 | 1 |
_aGutiérrez López, Roberto Javier, _d1959- _935190 |
|
| 245 | 1 | 0 |
_aCultura política y discriminación / _cRoberto Gutiérrez L. |
| 260 |
_aMéxico : _bCONAPRED, _c2005. |
||
| 300 | _a45 p. | ||
| 440 | 0 |
_aCuadernos de la igualdad ; _v3 |
|
| 650 | 2 |
_aCultura política _98905 |
|
| 650 | 4 |
_aDiscriminación _921028 |
|
| 905 | _aLibro | ||
| 999 |
_c166542 _d166542 |
||